| 000 | 00389nam a2200157Ia 4500 | ||
|---|---|---|---|
| 008 | 230524s9999 xx 000 0 und d | ||
| 082 |
_a658.43 _bRAJ |
||
| 100 | _aR.K.Rajput | ||
| 245 | 0 | _aMaterial Science and Engineering (S I Units) | |
| 250 | _a2ND | ||
| 260 |
_aNEW DELHI _bKatson _c2008 |
||
| 300 | _aXII;102 | ||
| 500 | _aQuantity Number: 1 | ||
| 650 | _aChemistry | ||
| 942 | _cBK | ||
| 999 |
_c44276 _d44276 |
||